Oppositional concepts in computational intelligence / (Record no. 192106)
[ view plain ]
| 000 -LEADER | |
|---|---|
| fixed length control field | 00783nam a2200241Ia 4500 |
| 005 - DATE AND TIME OF LATEST TRANSACTION | |
| control field | 20250109115211.0 |
| 008 - FIXED-LENGTH DATA ELEMENTS--GENERAL INFORMATION | |
| fixed length control field | 210716s2010 xx 000 0 und d |
| 020 ## - INTERNATIONAL STANDARD BOOK NUMBER | |
| International Standard Book Number | 9783540708261 |
| 040 ## - CATALOGING SOURCE | |
| Transcribing agency | AIMIT LIBRARY |
| 041 ## - LANGUAGE CODE | |
| Language code of text/sound track or separate title | eng |
| 082 ## - DEWEY DECIMAL CLASSIFICATION NUMBER | |
| Classification number | 001.0720063 |
| Edition number | 1 |
| Item number | TIZH |
| 100 ## - MAIN ENTRY--PERSONAL NAME | |
| Personal name | . |
| 9 (RLIN) | 192817 |
| 245 ## - TITLE STATEMENT | |
| Title | Oppositional concepts in computational intelligence / |
| Statement of responsibility, etc. | Edited by Hamid R Tizhoosh and Mario Ventresca. |
| 250 ## - EDITION STATEMENT | |
| Edition statement | 1st ed. |
| 260 ## - PUBLICATION, DISTRIBUTION, ETC. | |
| Place of publication, distribution, etc. | New Delhi : |
| Name of publisher, distributor, etc. | Springer , |
| Date of publication, distribution, etc. | 2010. |
| 300 ## - PHYSICAL DESCRIPTION | |
| Extent | xii,326p. ; |
| Other physical details | PB |
| Dimensions | 24.5 cm |
| 650 ## - SUBJECT ADDED ENTRY--TOPICAL TERM | |
| Topical term or geographic name entry element | Motivations and theory |
| 9 (RLIN) | 192818 |
| 650 ## - SUBJECT ADDED ENTRY--TOPICAL TERM | |
| Topical term or geographic name entry element | Search and reasoning |
| 9 (RLIN) | 192819 |
| 650 ## - SUBJECT ADDED ENTRY--TOPICAL TERM | |
| Topical term or geographic name entry element | Optimization |
| 9 (RLIN) | 192820 |
| 700 ## - ADDED ENTRY--PERSONAL NAME | |
| Personal name | Tizhoosh, Hamid R., ed. |
| 9 (RLIN) | 192821 |
| 700 ## - ADDED ENTRY--PERSONAL NAME | |
| Personal name | Ventresca, Mario.ed. |
| 9 (RLIN) | 192822 |
| 942 ## - ADDED ENTRY ELEMENTS (KOHA) | |
| Source of classification or shelving scheme | Dewey Decimal Classification |
| Koha item type | Book |
| Edition | 1st |
| Call number prefix | 001.0720063 TIZH |
| Withdrawn status | Lost status | Source of classification or shelving scheme | Damaged status | Not for loan | Collection code | Home library | Current library | Source of acquisition | Cost, normal purchase price | Inventory number | Total Checkouts | Full call number | Barcode | Date last seen | Cost, replacement price | Price effective from | Koha item type |
|---|---|---|---|---|---|---|---|---|---|---|---|---|---|---|---|---|---|
| Dewey Decimal Classification | MCA | St Aloysius Institute of Management & Information Technology | St Aloysius Institute of Management & Information Technology | Knowledge World | 399.00 | Bill no:1185; Bill dt:2012-01-27 | 001.0720063 TIZH | MCA11614 | 07/21/2025 | 299.25 | 07/16/2021 | Book | |||||
| Dewey Decimal Classification | MCA | St Aloysius Institute of Management & Information Technology | St Aloysius Institute of Management & Information Technology | Knowledge World | 499.00 | Bill no:218; Bill dt:2016-03-04 | 001.0720063 TIZH | MCA14676 | 07/21/2025 | 374.25 | 07/16/2021 | Book |